Statistics for Badminton Quiz

Click here to take the quiz!

General Stats

  • This quiz has been taken 758 times
    (749 since last reset)
  • The average score is 6 of 9

Answer Stats

HintAnswer% Correct
How many sets in a game3
98%
How many nets in one game1
97%
Is badminton in the olympicsyes
97%
Name the thing they use to hit the shuttlecockracket
94%
What is a game up to?21
91%
What is the name of the ref of the gameumpire
68%
when was it introduced1992
34%
Who is the world number one woman? same dateLi Xuerui
9%
Who is the world number 1 on 15/1/14Long Chen
5%

Score Distribution

Percentile by Number Answered

Percent of People with Each Score

Your Score History

You have not taken this quiz since the last reset